Asedio a la pintura chilena: desde el Mulato Gil a los bodegones literarios de Luis Durand
Guardat en:
| Autor principal: | |
|---|---|
| Format: | Llibre |
| Idioma: | espanyol |
| Publicat: |
Santiago
Nascimento
1969
|
| Matèries: | |
| Etiquetes: |
Afegir etiqueta
Sense etiquetes, Sigues el primer a etiquetar aquest registre!
|
MARC
| LEADER | 00000nam a2200000 a 4500 | ||
|---|---|---|---|
| 001 | UCM7826 | ||
| 003 | CL-VaPUC | ||
| 008 | 030110e19690000CL |||||||||||||||||spa|d | ||
| 082 | 0 | 4 | |a 759.983 |b ROM |2 21 |
| 100 | 0 | |a Romera, Antonio R |e author |9 473465 | |
| 245 | 1 | 0 | |a Asedio a la pintura chilena: desde el Mulato Gil a los bodegones literarios de Luis Durand |
| 300 | |a 186 p | ||
| 942 | |c BK | ||
| 945 | |d 20030110 00:00:00 |a cmena | ||
| 260 | |a Santiago |b Nascimento |c 1969 | ||
| 650 | 0 | |a Pintura chilena |9 266171 | |
| 650 | 0 | |a Pintores |9 265963 | |
| 650 | 0 | |a Crítica e interpretación |9 255042 | |
| 583 | |a last modification |c 20030110 00:00:00 |k Rodrigo Vera | ||
| 999 | |c 302488 |d 302486 | ||
| 952 | |0 0 |1 0 |4 0 |6 759_983000000000000_ROM_1969 |7 0 |8 R |9 363104 |a BIBART |b BIBART |d 2019-11-21 |i 3821498 |l 1 |o 759.983 ROM 1969 |p 3821498 |r 2025-03-13 |s 2022-08-30 |w 2019-11-21 |y BK_R |k ART | ||